Company law. (Record no. 120)

MARC details
000 -LEADER
fixed length control field 00499cam a2200193 4500
001 - CONTROL NUMBER
control field 135
005 - DATE AND TIME OF LATEST TRANSACTION
control field 20181127160529.0
008 - FIXED-LENGTH DATA ELEMENTS--GENERAL INFORMATION
fixed length control field 710923s1971 ii 001 0 eng
010 ## - LIBRARY OF CONGRESS CONTROL NUMBER
LC control number 73919620
020 ## - INTERNATIONAL STANDARD BOOK NUMBER
International Standard Book Number 8170122872
Terms of availability
Canceled/invalid ISBN
043 ## - GEOGRAPHIC AREA CODE
Geographic area code a-ii---
100 1# - MAIN ENTRY--PERSONAL NAME
Personal name Singh, Avtar,
Dates associated with a name 1932-
245 10 - TITLE STATEMENT
Title Company law.
246 ## - VARYING FORM OF TITLE
Title proper/short title Indian company law
Remainder of title
Date or sequential designation
Medium
Display text
Number of part/section of a work
Name of part/section of a work
250 ## - EDITION STATEMENT
Edition statement 15th ed.
260 ## - PUBLICATION, DISTRIBUTION, ETC.
Place of publication, distribution, etc. Lucknow :
Name of publisher, distributor, etc. Eastern Book Co.,
Date of publication, distribution, etc. c2007
300 ## - PHYSICAL DESCRIPTION
Extent cxxv, 813 p. ;
Dimensions 22 cm.
650 #0 - SUBJECT ADDED ENTRY--TOPICAL TERM
Topical term or geographic name entry element Corporation law
Geographic subdivision India.
Holdings
Withdrawn status Lost status Source of classification or shelving scheme Damaged status Not for loan Collection code Home library Current library Shelving location Date acquired Cost, normal purchase price Serial Enumeration / chronology Inventory number Total Checkouts Total Renewals Full call number Barcode Date last seen Date last checked out Copy number Price effective from Koha item type
    Dewey Decimal Classification     Main TEST RTC Library RTC Library Main opac 12/03/2022 395.00 3423 2 2 346.07 SIN 30002752 13/06/2019 04/06/2019 1 27/11/2018 Main
    Dewey Decimal Classification     Main TEST RTC Library RTC Library Main opac 17/03/2022 395.00 3729     346.07 SIN 30006114 27/11/2018   2 27/11/2018 Main
Royal Thimphu College || All Right Reserved